000 00451nab a2200145Ia 4500
003 ES-SlBCS
005 20210601142037.0
008 140529s1976 xxu||||| |||| 00| 0 spa d
041 _aspa
100 1 _aRoig Gironella, Juan
_97920
245 0 0 _aDos filósofos del Hombre entero: Balmes y Sciacca
_c Juan Roig Gironella
600 1 4 _aBalmes-Sciacca
_9264126
773 0 _tGiornali di Metafisica
_gvol. 31, 1976, págs. 659-671
_w0017-0372
942 _cAR
999 _c670636
_d670636